| 000 | 00558nam a2200145Ia 4500 | ||
|---|---|---|---|
| 008 | 170221s9999 xx 000 0 und d | ||
| 100 | _aMansour Naser Alraja | ||
| 245 | 4 | _aThe Influence of Effort and Performance Expectancy on Employees to adopt e-Government: evidence from Oman | |
| 245 | _cMansour Naser Alraja, Samir Hammami, Billal Chikhi, Samia Fekir | ||
| 260 | _bInternational Review of Management and Marketing | ||
| 260 | _c2016 | ||
| 300 | _a6 : 4 | ||
| 650 | _xMarketing. | ||
| 856 | _uhttp://www.econjournals.com/index.php/irmm/issue/view/88 | ||
| 999 |
_c308546 _d308546 |
||